Enfermedades de los animales domésticos en Republica Dominicana / Alfonso Ruíz Martínez (Registro nro. 1633)

Detalles MARC
000 -LEADER
fixed length control field 00536nam a22001931a 4500
001 - CONTROL NUMBER
control field 1633
003 - CONTROL NUMBER IDENTIFIER
control field OSt
005 - DATE AND TIME OF LATEST TRANSACTION
control field 20260204211741.0
008 - FIXED-LENGTH DATA ELEMENTS--GENERAL INFORMATION
fixed length control field 040120s1977||||dr ||||||b||||||||||spa||
050 ## - LIBRARY OF CONGRESS CALL NUMBER
Classification number RD 591.02 R856e
082 ## - DEWEY DECIMAL CLASSIFICATION NUMBER
Classification number RD 591.02 R856e
100 ## - ASIENTO PRINCIPAL -- NOMBRE PERSONAL
Personal name Ruiz Martinez, Alfonso
245 ## - TÍTULO PROPIAMENTE DICHO: SUBTÍTULO
Title Enfermedades de los animales domésticos en Republica Dominicana / Alfonso Ruíz Martínez
264 ## - PRODUCTION, PUBLICATION, DISTRIBUTION, MANUFACTURE, AND COPYRIGHT NOTICE
Place of production, publication, distribution, manufacture Santo Domingo : Pidagro
300 ## - PHYSICAL DESCRIPTION
Extensión 357 p
500 ## - GENERAL NOTE
General note Incluye glosario.
650 ## - ASIENTO SECUNDARIO DE MATERIA -- TERMINO TEMÁTICO
Termino Temático Como Elemento de Entrada 1.Patología AnimalÌ
942 ## - ADDED ENTRY ELEMENTS (KOHA)
Source of classification or shelving scheme Dewey Decimal Classification
Koha item type Libros
Existencias
Withdrawn status Lost status Source of classification or shelving scheme Damaged status Not for loan Current library Date acquired Full call number Barcode Date last seen Price effective from Koha item type
    Dewey Decimal Classification Descartado para donación   Biblioteca UTECO 09/09/2019 RD 591.02 R856E 004845 09/09/2019 09/09/2019 Libros
© 2021 Derechos Reservados UTECO - Teléfono: +1 809-585-2291 - Correo electrónico: biblioteca@uteco.edu.do​  
Código postal 43000 ​​
Dirección: Avenida Universitaria No. 100, 
Cotuí, Provincia Sánchez Ramírez, República Dominicana - RNC: 404-00059-6